000 01247 a2200217 4500
005 20080916124437.0
008 080916t xxu||||| |||| 00| 0 hin d
010 _aHIN-80913
020 _c60.00
_a8171245293
035 _aHN-53259
037 _bD.B.Act / pub
082 _a820.92
100 _aतिवारी, रामचन्द्र
245 _aआचार्य रामचन्द्र शुक्ल और उनके समकालीन आलोचक
_cरामचन्द्र तिवारी
246 _aAcharya Ramchandra Shukla aur unke samkalin Alochak
_bby Ramchandra Tiwari
260 _aवाराणसी
_bविश्वविद्यालय प्रकाशन
_c2007
300 _a84पृ
_c22 सेमी (अजिल्द)
_b(सचित्र)
270 _bवाराणसी
_aपो.बा.1149, विशालाक्षी भवन, चौक
_k221001
_l(0542) 2413741, 2413082
942 _adpl
_cHN
_k820.92 / तिवारी
_2ddc
_h820.92
_m तिवारी
999 _c7293
_d7293